[Event "Titled Tuesday intern op 23rd Apr Late"]
[Site "Chess.com INT"]
[Date "2024.04.23"]
[Round "11"]
[White "Baskakov, Egor"]
[Black "Arias, Juan Cruz"]
[Result "1-0"]
[WhiteElo "2215"]
[BlackElo "2339"]
[PlyCount "119"]
[EventDate "2024.04.23"]
[EventType "swiss (blitz)"]
[EventRounds "11"]
[EventCountry "USA"]
[SourceTitle "CB18_2024"]
[SourceDate "2024.05.01"]
[SourceVersion "1"]
[SourceVersionDate "2024.05.01"]
[SourceQuality "2"]

1. e4 c6 2. d4 d5 3. e5 c5 4. c4 cxd4 5. Nf3 e6 6. Nxd4 Nc6 7. Nc3 Bb4 8. Nxc6 bxc6 9. Qa4 a5 10. a3 Bxc3+ 11. bxc3 Ne7 12. Be3 0-0 13. Bc5 Ba6 14. Rd1 Re8 15. Be2 Qc8 16. 0-0 Bxc4 17. Bxc4 dxc4 18. Bxe7 Rxe7 19. Rd6 Rd7 20. Rxc6 Qd8 21. Qxc4 g6 22. g3 Rd5 23. Re1 h5 24. h4 Rb8 25. Kg2 Kg7 26. Rc7 Rb2 27. Re3 Rd7 28. Rc8 Qb6 29. Rf3 Qb7 30. Rc6 Rdd2 31. Qc5 Rb5 32. Rc7 Qxf3+ 33. Kxf3 Rxc5 34. Rxc5 a4 35. Rc4 g5 36. hxg5 Kg6 37. Ke3 Rd5 38. Rxa4 Rxe5+ 39. Kd3 Re1 40. Rb4 Rd1+ 41. Kc2 Rf1 42. Rf4 e5 43. Rf6+ Kxg5 44. Rxf7 e4 45. Rf4 Ra1 46. Kb2 Re1 47. a4 e3 48. fxe3 Rxe3 49. Rf8 Kg4 50. Rg8+ Kf3 51. Rg5 Re4 52. Kb3 h4 53. gxh4 Rxh4 54. Rd5 Rh1 55. a5 Ke4 56. Rd4+ Ke5 57. Ra4 Kd6 58. a6 Kc7 59. a7 Rb1+ 60. Kc2 1-0

[Event "Titled Tuesday intern op 16th Apr Early"]
[Site "Chess.com INT"]
[Date "2024.04.16"]
[Round "3"]
[White "Arias, Juan Cruz"]
[Black "Zaichenko, Daria"]
[Result "0-1"]
[WhiteElo "2339"]
[BlackElo "2104"]
[PlyCount "46"]
[EventDate "2024.04.16"]
[EventType "swiss (blitz)"]
[EventRounds "11"]
[EventCountry "USA"]
[SourceTitle "CB17_2024"]
[SourceDate "2024.04.24"]
[SourceVersion "1"]
[SourceVersionDate "2024.04.24"]
[SourceQuality "1"]

1. d4 d5 2. c4 e6 3. g3 Nf6 4. Bg2 Be7 5. Nf3 0-0 6. 0-0 dxc4 7. Qc2 a6 8. a4 Bd7 9. Qxc4 b5 10. Qc2 Bc6 11. b3 Be4 12. Qa2 c5 13. dxc5 Bxc5 14. Nc3 Bc6 15. Bg5 h6 16. Bf4 b4 17. Nd1 Ne4 18. Rc1 Nd7 19. e3 Qe7 20. Nd4 Bb7 21. Bc7 Rfc8 22. Ba5 Ne5 23. Qb1 Nd2 0-1

[Event "Titled Tuesday intern op 19th Sep Early"]
[Site "Chess.com INT"]
[Date "2023.09.19"]
[Round "1"]
[White "Arias, Juan Cruz"]
[Black "Evdokimov, Alexey2222"]
[Result "1-0"]
[WhiteElo "2334"]
[BlackElo "2227"]
[PlyCount "87"]
[EventDate "2023.09.19"]
[EventType "swiss (blitz)"]
[EventRounds "11"]
[EventCountry "USA"]
[SourceTitle "EXT 2024"]
[Source "ChessBase"]
[SourceDate "2023.10.10"]
[SourceVersion "1"]
[SourceVersionDate "2023.10.10"]
[SourceQuality "1"]

1. d4 Nf6 2. Nf3 g6 3. Bg5 Bg7 4. Nbd2 d5 5. c3 0-0 6. e3 Nc6 7. Be2 Re8 8. 0-0 e5 9. Rc1 Bf5 10. Qb3 Rb8 11. Bb5 a6 12. Bxc6 bxc6 13. Qa3 e4 14. Ne5 Bd7 15. f3 h6 16. Bxf6 Bxf6 17. Nxd7 Qxd7 18. fxe4 Bg5 19. Rce1 dxe4 20. Nc4 Kg7 21. Ne5 Rxe5 22. dxe5 Qd2 23. b3 Bxe3+ 24. Kh1 Re8 25. Qxa6 Qxc3 26. Qc4 Qxc4 27. bxc4 Bd4 28. Rxe4 Bxe5 29. Rfe1 f6 30. Rd1 Kf7 31. Rd7+ Ke6 32. Rxc7 Kf5 33. Re1 Ra8 34. Rxc6 Rxa2 35. Rc1 h5 36. Rc8 h4 37. c5 h3 38. g3 Ke6 39. c6 Bb2 40. c7 Bxc1 41. Re8+ Kf5 42. c8Q+ Kg5 43. Qxc1+ Rd2 44. Qxd2+ 1-0

[Event "Titled Tuesday intern op 12th Sep Early"]
[Site "Chess.com INT"]
[Date "2023.09.12"]
[Round "2"]
[White "Arias, Juan Cruz"]
[Black "Chemin, Vitorio"]
[Result "1/2-1/2"]
[WhiteElo "2334"]
[BlackElo "2150"]
[PlyCount "109"]
[EventDate "2023.09.12"]
[EventType "swiss (blitz)"]
[EventRounds "11"]
[EventCountry "USA"]
[SourceTitle "EXT 2024"]
[Source "ChessBase"]
[SourceDate "2023.10.10"]
[SourceVersion "1"]
[SourceVersionDate "2023.10.10"]
[SourceQuality "1"]

1. d4 Nf6 2. Nf3 c5 3. e3 e6 4. Bd3 Nc6 5. 0-0 d5 6. c3 Bd6 7. Nbd2 e5 8. dxc5 Bxc5 9. e4 dxe4 10. Nxe4 Nxe4 11. Bxe4 Qxd1 12. Rxd1 f6 13. b4 Bb6 14. a4 a6 15. a5 Ba7 16. Bxc6+ bxc6 17. Be3 Ke7 18. Nd2 Bg4 19. Bxa7 Rxa7 20. f3 Bf5 21. Nb3 Bc2 22. Nc5 Bxd1 23. Rxd1 Rd8 24. Rxd8 Kxd8 25. Kf2 Ke7 26. Ke3 Kd6 27. c4 f5 28. Kd3 g5 29. Ke3 h5 30. Kd3 h4 31. Ke3 Ra8 32. Kd3 g4 33. fxg4 fxg4 34. Ke3 Ra7 35. Ke4 Rf7 36. Nxa6 Rf4+ 37. Kd3 Rf2 38. Nc5 Rxg2 39. a6 Rxh2 40. Ne4+ Kc7 41. b5 cxb5 42. cxb5 Kb6 43. Ke3 Ra2 44. Nf6 g3 45. Nd5+ Kxb5 46. Nc3+ Kxa6 47. Nxa2 h3 48. Kf3 h2 49. Kg2 Kb5 50. Nc3+ Kc4 51. Ne4 Kd3 52. Nxg3 e4 53. Kxh2 e3 54. Kg2 e2 55. Nxe2 1/2-1/2

[Event "Titled Tuesday intern op 29th Aug Early"]
[Site "Chess.com INT"]
[Date "2023.08.29"]
[Round "9"]
[White "Arias, Juan Cruz"]
[Black "Floresvillar Gonzalez, Luis Miguel"]
[Result "1-0"]
[WhiteElo "2333"]
[BlackElo "2019"]
[PlyCount "123"]
[EventDate "2023.08.29"]
[EventType "swiss (blitz)"]
[EventRounds "11"]
[EventCountry "USA"]
[SourceTitle "EXT 2024"]
[Source "ChessBase"]
[SourceDate "2023.10.10"]
[SourceVersion "1"]
[SourceVersionDate "2023.10.10"]
[SourceQuality "1"]

1. e4 c6 2. Nf3 d5 3. Nc3 Nf6 4. d3 dxe4 5. Ng5 exd3 6. Bxd3 Bg4 7. Nxf7 Bxd1 8. Nxd8 Bg4 9. Nxb7 Nbd7 10. Na5 Rc8 11. Be3 e5 12. 0-0 Bc5 13. Nb7 Be7 14. h3 Bh5 15. Na5 0-0 16. Bc4+ Kh8 17. Nb3 Nb6 18. Be6 Rcd8 19. Na5 Rd6 20. Bb3 Nbd5 21. Bc5 Rd7 22. Bxe7 Nxe7 23. f3 h6 24. Rad1 Rfd8 25. Rxd7 Rxd7 26. Rd1 Rxd1+ 27. Nxd1 e4 28. Kf2 exf3 29. gxf3 Nfd5 30. Bxd5 cxd5 31. c3 Kg8 32. Nb3 Kf7 33. Nd4 Kf6 34. Ne3 Ke5 35. Kg3 Bf7 36. Ng4+ Kd6 37. f4 a6 38. Ne5 Be8 39. b3 g5 40. Ng4 gxf4+ 41. Kxf4 h5 42. Ne3 Nc6 43. Nxc6 Kxc6 44. Nf5 Kc5 45. Nd4 a5 46. a3 a4 47. bxa4 Kc4 48. a5 Kc5 49. Ke5 Bd7 50. h4 Kc4 51. a6 Bc8 52. a7 Bb7 53. a4 Kxc3 54. a5 Kb4 55. a6 Ba8 56. Ne6 Ka5 57. Nc7 Bc6 58. Kd6 d4 59. Kxc6 d3 60. a8Q d2 61. Qb7 d1Q 62. Qb5# 1-0

[Event "Titled Tuesday intern op 22nd Aug Late"]
[Site "Chess.com INT"]
[Date "2023.08.22"]
[Round "5"]
[White "Cordova, Emilio"]
[Black "Arias, Juan Cruz"]
[Result "1-0"]
[WhiteElo "2538"]
[BlackElo "2333"]
[PlyCount "77"]
[EventDate "2023.08.22"]
[EventType "swiss (blitz)"]
[EventRounds "11"]
[EventCountry "USA"]
[SourceTitle "EXT 2024"]
[Source "ChessBase"]
[SourceDate "2023.10.10"]
[SourceVersion "1"]
[SourceVersionDate "2023.10.10"]
[SourceQuality "1"]

1. d4 d5 2. c4 e6 3. Nc3 Nf6 4. cxd5 exd5 5. Bg5 c6 6. e3 h6 7. Bh4 Be7 8. Bd3 0-0 9. Nge2 Re8 10. Qc2 Nbd7 11. 0-0 a5 12. Rad1 b5 13. f3 Ba6 14. Kh1 b4 15. Na4 Bxd3 16. Qxd3 Rc8 17. Bf2 c5 18. dxc5 Nxc5 19. Nxc5 Bxc5 20. Nf4 Qb6 21. Rfe1 a4 22. h4 b3 23. axb3 axb3 24. g4 Bd6 25. g5 Bxf4 26. gxf6 Rc2 27. exf4 Rxe1+ 28. Rxe1 Qb8 29. Bd4 g6 30. Qe3 Kh7 31. h5 Qc8 32. hxg6+ Kxg6 33. Qd3+ Kh5 34. Re5+ Kh4 35. Qf1 Kg3 36. Qe1+ Kxf3 37. Re3+ Kg4 38. Qg3+ Kh5 39. Re5+ 1-0

[Event "Titled Tuesday intern op 22nd Aug Late"]
[Site "Chess.com INT"]
[Date "2023.08.22"]
[Round "9"]
[White "Zhigalko, Sergei"]
[Black "Arias, Juan Cruz"]
[Result "1-0"]
[WhiteElo "2572"]
[BlackElo "2333"]
[PlyCount "87"]
[EventDate "2023.08.22"]
[EventType "swiss (blitz)"]
[EventRounds "11"]
[EventCountry "USA"]
[SourceTitle "EXT 2024"]
[Source "ChessBase"]
[SourceDate "2023.10.10"]
[SourceVersion "1"]
[SourceVersionDate "2023.10.10"]
[SourceQuality "1"]

1. e4 c6 2. d4 d5 3. e5 c5 4. Nf3 cxd4 5. Qxd4 Nc6 6. Qf4 e6 7. Bd3 Nb4 8. 0-0 Nxd3 9. cxd3 Ne7 10. Nc3 Bd7 11. Ne2 Qb6 12. Ned4 Ng6 13. Qg3 Be7 14. Be3 Qa6 15. h4 h5 16. Rfd1 Bb5 17. Bg5 0-0 18. Bxe7 Nxe7 19. Ng5 Nf5 20. Nxf5 exf5 21. a4 Bd7 22. Qf3 Qg6 23. Qxd5 Bc6 24. Qc4 Rad8 25. f3 Bd5 26. Qf4 Rfe8 27. Rac1 Qb6+ 28. d4 Qxb2 29. Qxf5 g6 30. Qf4 Qb6 31. Kh2 Rc8 32. Kg3 a5 33. Ne4 Bxe4 34. Qxe4 Qb3 35. Rxc8 Rxc8 36. Rb1 Qxa4 37. e6 Rc7 38. e7 Qe8 39. Re1 a4 40. d5 Rd7 41. Qe5 a3 42. d6 b5 43. Qxb5 a2 44. Qxd7 1-0

[Event "Titled Tuesday intern op 15th Aug Early"]
[Site "Chess.com INT"]
[Date "2023.08.15"]
[Round "3"]
[White "Perez Ponsa, Federico"]
[Black "Arias, Juan Cruz"]
[Result "1-0"]
[WhiteElo "2527"]
[BlackElo "2333"]
[PlyCount "115"]
[EventDate "2023.08.15"]
[EventType "swiss (blitz)"]
[EventRounds "11"]
[EventCountry "USA"]
[SourceTitle "EXT 2024"]
[Source "ChessBase"]
[SourceDate "2023.10.10"]
[SourceVersion "1"]
[SourceVersionDate "2023.10.10"]
[SourceQuality "1"]

1. e4 c6 2. Nf3 d5 3. Nc3 dxe4 4. Nxe4 Nf6 5. Qe2 Nxe4 6. Qxe4 Nd7 7. Bc4 Nf6 8. Ne5 e6 9. Qe2 b5 10. Bd3 Qc7 11. b3 Bd6 12. Bb2 Bb7 13. 0-0 a6 14. Rae1 0-0 15. f4 c5 16. Ng4 Nxg4 17. Qxg4 f5 18. Qg5 c4 19. Be2 Rae8 20. bxc4 bxc4 21. Bh5 Re7 22. Bc3 Bd5 23. h3 Qc6 24. Bf3 Rff7 25. Bxd5 exd5 26. Bd4 Bc5 27. Bxc5 Qxc5+ 28. Kh2 h6 29. Qg6 Rf6 30. Qg3 Rfe6 31. Rb1 Kh7 32. Qf3 Qd4 33. Rf2 Re4 34. c3 Qd3 35. Qxd3 cxd3 36. Rf3 Re2 37. Rxd3 Rf2 38. Rb4 Ree2 39. Rg3 Re7 40. Rd4 Rd7 41. Re3 g5 42. fxg5 hxg5 43. Re5 Rb7 44. Kg1 Rf4 45. Rxf4 gxf4 46. Rxd5 Rb1+ 47. Kf2 Rb2 48. a4 Kg6 49. a5 Kg5 50. Kf3 Ra2 51. h4+ Kxh4 52. Kxf4 Ra4+ 53. Kxf5 Kg3 54. d3 Kxg2 55. c4 Kf3 56. Ke6 Ke3 57. c5 Rxa5 58. c6 1-0

[Event "Titled Tuesday intern op 01st Aug Early"]
[Site "Chess.com INT"]
[Date "2023.08.01"]
[Round "9"]
[White "Arias, Juan Cruz"]
[Black "Dinu, Dumitru Daniel"]
[Result "1-0"]
[WhiteElo "2333"]
[BlackElo "2194"]
[PlyCount "115"]
[EventDate "2023.08.01"]
[EventType "swiss (blitz)"]
[EventRounds "11"]
[EventCountry "USA"]
[SourceTitle "EXT 2024"]
[Source "ChessBase"]
[SourceDate "2023.10.10"]
[SourceVersion "1"]
[SourceVersionDate "2023.10.10"]
[SourceQuality "1"]

1. d4 d5 2. Nf3 Nf6 3. e3 e6 4. Bd3 c5 5. c3 Nc6 6. 0-0 Be7 7. Nbd2 0-0 8. Qe2 Re8 9. Ne5 Nxe5 10. dxe5 Nd7 11. f4 f6 12. exf6 Bxf6 13. e4 dxe4 14. Nxe4 e5 15. Nxf6+ Qxf6 16. Bxh7+ Kxh7 17. Qh5+ Qh6 18. Qxe8 Nf6 19. Qd8 e4 20. f5 e3 21. h3 Qg5 22. Qd3 Bd7 23. Bxe3 Qh5 24. Bxc5 Bc6 25. Bd4 Rd8 26. Qg3 Rd7 27. Rae1 Ne4 28. Qg6+ Qxg6 29. fxg6+ Kxg6 30. Rf4 Ng5 31. Rg4 Rd5 32. Re5 Rxe5 33. Bxe5 Kf5 34. Bxg7 Ne6 35. Bd4 Bd5 36. b3 b5 37. Kf2 a6 38. Ke3 a5 39. g3 b4 40. Rh4 bxc3 41. Bxc3 Ng5 42. Rh5 Kg6 43. Rxg5+ Kxg5 44. Bxa5 Bg2 45. h4+ Kg4 46. Bc7 Bc6 47. a4 Bd5 48. b4 Bb3 49. a5 Bc4 50. Kd4 Be2 51. Bf4 Ba6 52. Kc5 Bf1 53. b5 Bg2 54. b6 Bb7 55. Kd6 Bc8 56. Kc7 Ba6 57. b7 Bxb7 58. Kxb7 1-0

[Event "Titled Tuesday intern op 25th Apr Early"]
[Site "Chess.com INT"]
[Date "2023.04.25"]
[Round "5"]
[White "Arias, Juan Cruz"]
[Black "Harshavardhan, GB."]
[Result "0-1"]
[WhiteElo "2320"]
[BlackElo "2449"]
[PlyCount "50"]
[EventDate "2023.04.25"]
[EventType "swiss (blitz)"]
[EventRounds "11"]
[EventCountry "USA"]
[SourceTitle "EXT 2024"]
[Source "ChessBase"]
[SourceDate "2023.10.10"]
[SourceVersion "1"]
[SourceVersionDate "2023.10.10"]
[SourceQuality "1"]

1. d4 Nf6 2. Nf3 e6 3. e3 c5 4. Bd3 b6 5. 0-0 Bb7 6. c4 Be7 7. Nc3 cxd4 8. exd4 0-0 9. d5 exd5 10. cxd5 d6 11. Nd4 g6 12. Qf3 Nbd7 13. Bh6 Re8 14. Nf5 Ne5 15. Qg3 Nh5 16. Nxe7+ Qxe7 17. Qe3 Nf6 18. Bg5 h6 19. Bh4 Nxd5 20. Qd4 Qe6 21. Bb5 Nxc3 22. bxc3 Bc6 23. a4 Rac8 24. Rfd1 Bxb5 25. axb5 Rc4 0-1

[Event "Titled Tuesday intern op 25th Apr Early"]
[Site "Chess.com INT"]
[Date "2023.04.25"]
[Round "3"]
[White "Arias, Juan Cruz"]
[Black "Levitan, Tal"]
[Result "1/2-1/2"]
[WhiteElo "2320"]
[BlackElo "2328"]
[PlyCount "192"]
[EventDate "2023.04.25"]
[EventType "swiss (blitz)"]
[EventRounds "11"]
[EventCountry "USA"]
[SourceTitle "EXT 2024"]
[Source "ChessBase"]
[SourceDate "2023.10.10"]
[SourceVersion "1"]
[SourceVersionDate "2023.10.10"]
[SourceQuality "1"]

1. d4 d5 2. Nf3 Nf6 3. e3 e6 4. Bd3 Bd6 5. 0-0 b6 6. b3 0-0 7. Bb2 Bb7 8. c4 Nbd7 9. cxd5 exd5 10. Nc3 a6 11. Rc1 Qe7 12. Qc2 Ne4 13. Ne2 f5 14. Ne5 Rac8 15. Nc6 Qf6 16. Nf4 Bxf4 17. exf4 Rfe8 18. Ne5 Qe6 19. Rfe1 c5 20. f3 cxd4 21. Qd1 Nxe5 22. fxe5 Rxc1 23. Qxc1 Nc5 24. Qc2 g6 25. Bxd4 Rc8 26. Qd2 a5 27. Bb1 Ba6 28. Rd1 Qd7 29. e6 Nxe6 30. Bb2 d4 31. Re1 Re8 32. h3 Bb5 33. Bd3 Bxd3 34. Qxd3 f4 35. Qc4 Kg7 36. Re4 Kh6 37. Bc1 Rc8 38. Qf1 g5 39. Bd2 Rc2 40. Qe1 Rc6 41. h4 Kg6 42. hxg5 Nxg5 43. Rxf4 Re6 44. Qb1+ Kg7 45. Rg4 Rg6 46. Qd3 Ne6 47. Rh4 Nc5 48. Qxd4+ Qxd4+ 49. Rxd4 Re6 50. Kf2 Kf7 51. Be3 Rc6 52. Rc4 Rd6 53. Rh4 Kg7 54. Bd4+ Kg6 55. Ke3 Ne6 56. Rg4+ Kf7 57. Bc3 Rd1 58. Rh4 Kg6 59. Rg4+ Kf7 60. Rh4 Kg6 61. Re4 Kf7 62. Kf2 Rc1 63. Be5 b5 64. Re2 a4 65. bxa4 bxa4 66. g4 Nc5 67. f4 Nd3+ 68. Kf3 Nxe5+ 69. fxe5 Ke6 70. Re4 a3 71. Ra4 Rc3+ 72. Kf4 Kd5 73. Re4 Ke6 74. Rd4 Rc2 75. Rd6+ Ke7 76. Rh6 Rxa2 77. Rxh7+ Ke6 78. Rh6+ Ke7 79. Ra6 Rf2+ 80. Ke3 Rg2 81. Kf3 Ra2 82. g5 Ra1 83. g6 a2 84. Kg2 Re1 85. Rb6 Rxe5 86. Ra6 Re2+ 87. Kf3 Rh2 88. Ke3 Kf8 89. Kd3 Kg7 90. Kc3 Rh6 91. Kb3 Rxg6 92. Rxa2 Rg3+ 93. Ka4 Rg4+ 94. Kb3 Rg3+ 95. Ka4 Rg4+ 96. Kb3 Rg3+ 1/2-1/2

[Event "Titled Tuesday intern op 25th Apr Early"]
[Site "Chess.com INT"]
[Date "2023.04.25"]
[Round "6"]
[White "Stojanovski, Sandi"]
[Black "Arias, Juan Cruz"]
[Result "0-1"]
[WhiteElo "2179"]
[BlackElo "2320"]
[PlyCount "86"]
[EventDate "2023.04.25"]
[EventType "swiss (blitz)"]
[EventRounds "11"]
[EventCountry "USA"]
[SourceTitle "EXT 2024"]
[Source "ChessBase"]
[SourceDate "2023.10.10"]
[SourceVersion "1"]
[SourceVersionDate "2023.10.10"]
[SourceQuality "1"]

1. d3 d5 2. Nf3 c5 3. g3 Nc6 4. Bg2 e5 5. 0-0 Be7 6. c4 Nf6 7. Bg5 d4 8. Nbd2 0-0 9. a3 a5 10. Qc2 h6 11. Bxf6 Bxf6 12. Rfe1 Bf5 13. e3 dxe3 14. Rxe3 Re8 15. Ne4 Be7 16. Nc3 Bf8 17. Nd5 Bh7 18. Rae1 f6 19. Qd1 Qd6 20. Nh4 Nd4 21. f4 g5 22. fxe5 Rxe5 23. Rxe5 fxe5 24. Nf3 Nc6 25. Nd2 Nd4 26. Be4 Bg7 27. Bxh7+ Kxh7 28. Ne4 Qg6 29. Nxc5 Rf8 30. Rf1 g4 31. Rxf8 Bxf8 32. Ne4 Nf3+ 33. Kg2 Bg7 34. h4 Qc6 35. Qe2 b5 36. b3 a4 37. cxb5 Qxd5 38. b6 Qd4 39. Qf2 Qd7 40. bxa4 Qxa4 41. Qb2 Qd1 42. Kf2 Qg1+ 43. Ke2 Qe1# 0-1

[Event "Titled Tuesday intern op 18th Apr Early"]
[Site "Chess.com INT"]
[Date "2023.04.18"]
[Round "9"]
[White "Arias, Juan Cruz"]
[Black "Orujov, Farid"]
[Result "1-0"]
[WhiteElo "2320"]
[BlackElo "2225"]
[PlyCount "119"]
[EventDate "2023.04.18"]
[EventType "swiss (blitz)"]
[EventRounds "11"]
[EventCountry "USA"]
[SourceTitle "EXT 2024"]
[Source "ChessBase"]
[SourceDate "2023.10.10"]
[SourceVersion "1"]
[SourceVersionDate "2023.10.10"]
[SourceQuality "1"]

1. d4 Nf6 2. Bg5 d5 3. Bxf6 exf6 4. e3 Bd6 5. g3 c6 6. Bg2 0-0 7. Ne2 Nd7 8. 0-0 f5 9. b3 Nf6 10. c4 Ne4 11. Nbc3 Be6 12. cxd5 Bxd5 13. Nxd5 cxd5 14. Qd3 Rc8 15. Rac1 Qa5 16. a4 Qb4 17. Rc2 Rfe8 18. Rfc1 Rxc2 19. Qxc2 g6 20. Bxe4 fxe4 21. Qd1 Re7 22. Nc3 Qa5 23. Nb5 Qb6 24. Rc8+ Kg7 25. Qc2 a6 26. Nc3 Qa5 27. Ne2 Rc7 28. Rxc7 Bxc7 29. Qc3 Qb6 30. Qc2 Bd6 31. Nc3 Qc6 32. Qc1 Bb4 33. Ne2 Kf6 34. h4 h5 35. Kg2 Kg7 36. Qd1 Bd6 37. Qd2 Kg8 38. Qa5 Bc7 39. Qb4 b6 40. Qc3 Qd6 41. Qc2 Kg7 42. Nf4 Bb8 43. Qc8 a5 44. Qe8 Qc7 45. Qb5 Qd6 46. Nxd5 Qe6 47. Nc3 Bd6 48. Qc4 Qf6 49. Nxe4 Qe7 50. Qd5 Bc7 51. Ng5 Kg8 52. e4 Bb8 53. e5 Bc7 54. Qe4 Kg7 55. Nf3 Bb8 56. d5 Qc5 57. e6 fxe6 58. Qxe6 Bd6 59. Ng5 Be7 60. Qf7+ 1-0

[Event "Titled Tuesday intern op 18th Apr Late"]
[Site "Chess.com INT"]
[Date "2023.04.18"]
[Round "3"]
[White "Arias, Juan Cruz"]
[Black "Rose, Felix"]
[Result "1-0"]
[WhiteElo "2320"]
[BlackElo "2091"]
[PlyCount "27"]
[EventDate "2023.04.18"]
[EventType "swiss (blitz)"]
[EventRounds "11"]
[EventCountry "USA"]
[SourceTitle "EXT 2024"]
[Source "ChessBase"]
[SourceDate "2023.10.10"]
[SourceVersion "1"]
[SourceVersionDate "2023.10.10"]
[SourceQuality "1"]

1. d4 Nf6 2. Nf3 d5 3. e3 c5 4. c3 cxd4 5. exd4 Nc6 6. Bf4 Bg4 7. Nbd2 e6 8. Qb3 Qd7 9. Ne5 Qc8 10. Bb5 a6 11. Bxc6+ bxc6 12. Qa4 Bd6 13. Bg3 0-0 14. Nxg4 1-0

[Event "Titled Tuesday intern op 11th Apr Early"]
[Site "Chess.com INT"]
[Date "2023.04.11"]
[Round "8"]
[White "Arias, Juan Cruz"]
[Black "Aravindh, Chithambaram VR"]
[Result "0-1"]
[WhiteElo "2320"]
[BlackElo "2607"]
[PlyCount "76"]
[EventDate "2023.04.11"]
[EventType "swiss (blitz)"]
[EventRounds "11"]
[EventCountry "USA"]
[SourceTitle "CBM 213 Extra"]
[Source "ChessBase"]
[SourceDate "2023.05.31"]
[SourceVersion "1"]
[SourceVersionDate "2023.05.31"]
[SourceQuality "1"]

1. d4 c5 2. e3 cxd4 3. exd4 d5 4. Nf3 Nf6 5. c3 g6 6. Bf4 Bg7 7. Nbd2 0-0 8. Be2 Nc6 9. 0-0 Bg4 10. Re1 e6 11. h3 Bxf3 12. Nxf3 Ne8 13. Bd3 Nd6 14. Qd2 a6 15. Bh6 b5 16. h4 Rb8 17. h5 b4 18. hxg6 hxg6 19. Qf4 bxc3 20. bxc3 Bxh6 21. Qxh6 Qf6 22. Bxa6 Ne4 23. Re3 Ne7 24. g4 Rb2 25. Rf1 Ra8 26. Bd3 Raxa2 27. c4 Nxf2 28. Ng5 Qg7 29. Qxg7+ Kxg7 30. Rf3 Nxd3 31. Rxf7+ Kh6 32. Nf3 Rg2+ 33. Kh1 Rxg4 34. Rxe7 Nf2+ 35. Kh2 Ne4+ 36. Kh3 Rg3+ 37. Kh4 Rh2+ 38. Nxh2 g5# 0-1

[Event "Titled Tuesday intern op 11th Apr Early"]
[Site "Chess.com INT"]
[Date "2023.04.11"]
[Round "9"]
[White "Arias, Juan Cruz"]
[Black "Cherniaiev, Tykhon"]
[Result "0-1"]
[WhiteElo "2320"]
[BlackElo "2330"]
[PlyCount "56"]
[EventDate "2023.04.11"]
[EventType "swiss (blitz)"]
[EventRounds "11"]
[EventCountry "USA"]
[SourceTitle "CBM 213 Extra"]
[Source "ChessBase"]
[SourceDate "2023.05.31"]
[SourceVersion "1"]
[SourceVersionDate "2023.05.31"]
[SourceQuality "1"]

1. d4 Nf6 2. Nf3 e6 3. e3 c5 4. Bd3 Nc6 5. 0-0 Qc7 6. c4 d5 7. Nc3 a6 8. a3 cxd4 9. exd4 dxc4 10. Bxc4 Be7 11. Bg5 b5 12. Ba2 0-0 13. Rc1 Bb7 14. d5 exd5 15. Bxf6 Bxf6 16. Nxd5 Qd6 17. b4 Rad8 18. Qb3 Nd4 19. Nxf6+ Qxf6 20. Nxd4 Rxd4 21. Rcd1 Bd5 22. Qb1 Bxg2 23. Rxd4 Bxf1 24. Rg4 Be2 25. Rg3 Rd8 26. Bb3 g6 27. Qe4 Qa1+ 28. Kg2 Qf1# 0-1

[Event "Titled Tuesday intern op 11th Apr Early"]
[Site "Chess.com INT"]
[Date "2023.04.11"]
[Round "7"]
[White "Ilkhomi, Jaloliddin"]
[Black "Arias, Juan Cruz"]
[Result "0-1"]
[WhiteElo "2040"]
[BlackElo "2320"]
[PlyCount "138"]
[EventDate "2023.04.11"]
[EventType "swiss (blitz)"]
[EventRounds "11"]
[EventCountry "USA"]
[SourceTitle "CBM 213 Extra"]
[Source "ChessBase"]
[SourceDate "2023.05.31"]
[SourceVersion "1"]
[SourceVersionDate "2023.05.31"]
[SourceQuality "1"]

1. Nf3 d5 2. c4 e6 3. g3 Nf6 4. Bg2 dxc4 5. Qa4+ Bd7 6. Qxc4 c5 7. Qc2 Nc6 8. 0-0 Rc8 9. a3 Be7 10. Nc3 0-0 11. Rd1 Qa5 12. d4 cxd4 13. Nxd4 Nxd4 14. Rxd4 Bc6 15. Bxc6 Rxc6 16. Bd2 Rfc8 17. Qb3 Qb6 18. Qxb6 Rxb6 19. b4 Rbc6 20. Rd3 a6 21. Rd1 Kf8 22. e4 Ke8 23. e5 Nd7 24. f4 Nb6 25. Ne4 Nd5 26. Be3 b6 27. Kf2 Rc2+ 28. Kf3 h5 29. f5 Rxh2 30. f6 gxf6 31. exf6 Nxf6 32. Nxf6+ Bxf6 33. Bxb6 Rc3 34. Rxc3 Bxc3 35. Rd8+ Ke7 36. Rd3 Be5 37. a4 Rb2 38. b5 axb5 39. a5 Ra2 40. Rb3 f5 41. Rxb5 Bd6 42. Be3 e5 43. Rb7+ Ke6 44. Bb6 Kd5 45. Bc7 Kc6 46. Bxd6 Kxb7 47. Bxe5 Kc6 48. Kf4 Rf2+ 49. Kg5 Kd5 50. Bf4 Ke4 51. Kxh5 Ra2 52. Bc7 Kd5 53. Kg5 Ke6 54. Bb6 Ra4 55. Kh5 Rg4 56. Bc7 Kf6 57. Bd6 Rg8 58. Bf4 Rh8+ 59. Bh6 Rh7 60. g4 fxg4 61. a6 g3 62. a7 Rxa7 63. Be3 Rg7 64. Kh4 g2 65. Bg1 Kf5 66. Kh3 Kf4 67. Kh2 Kf3 68. Bd4 Rh7+ 69. Kg1 Rh1# 0-1

[Event "Titled Tuesday intern op 28th Mar Early"]
[Site "Chess.com INT"]
[Date "2023.03.28"]
[Round "1"]
[White "Arias, Juan Cruz"]
[Black "Paravyan, David"]
[Result "0-1"]
[WhiteElo "2320"]
[BlackElo "2584"]
[PlyCount "82"]
[EventDate "2023.03.28"]
[EventType "swiss (blitz)"]
[EventRounds "11"]
[EventCountry "USA"]
[SourceTitle "EXT 2024"]
[Source "ChessBase"]
[SourceDate "2023.10.10"]
[SourceVersion "1"]
[SourceVersionDate "2023.10.10"]
[SourceQuality "1"]

1. d4 Nf6 2. Nf3 g6 3. e3 Bg7 4. Be2 0-0 5. 0-0 d6 6. b3 e5 7. dxe5 dxe5 8. Bb2 e4 9. Qxd8 Rxd8 10. Nfd2 Nc6 11. a3 Bf5 12. h3 h5 13. Re1 a6 14. Nf1 h4 15. Nbd2 Nd5 16. Bxg7 Kxg7 17. Nb1 Ne5 18. Nfd2 Rd7 19. Nc4 Nxc4 20. Bxc4 Nb6 21. Be2 Be6 22. Nc3 f5 23. Rad1 Rad8 24. Rxd7+ Rxd7 25. Rd1 Rxd1+ 26. Bxd1 Kf6 27. g3 g5 28. Ne2 Nd5 29. gxh4 gxh4 30. Nf4 Bf7 31. Kf1 Ke5 32. Ng2 f4 33. exf4+ Nxf4 34. Nxh4 Nxh3 35. Ng2 Nf4 36. Ne3 Kd4 37. Ke1 Kc3 38. a4 Be6 39. Nf1 Ng2+ 40. Ke2 Bg4+ 41. f3 Bxf3+ 0-1

[Event "Titled Tuesday intern op 28th Mar Early"]
[Site "Chess.com INT"]
[Date "2023.03.28"]
[Round "6"]
[White "Cherniaiev, Tykhon"]
[Black "Arias, Juan Cruz"]
[Result "1/2-1/2"]
[WhiteElo "2330"]
[BlackElo "2320"]
[PlyCount "67"]
[EventDate "2023.03.28"]
[EventType "swiss (blitz)"]
[EventRounds "11"]
[EventCountry "USA"]
[SourceTitle "EXT 2024"]
[Source "ChessBase"]
[SourceDate "2023.10.10"]
[SourceVersion "1"]
[SourceVersionDate "2023.10.10"]
[SourceQuality "1"]

1. Nf3 d5 2. d4 Nf6 3. c4 e6 4. Nc3 a6 5. cxd5 exd5 6. Bg5 Be7 7. e3 Be6 8. Bd3 Nbd7 9. 0-0 0-0 10. a3 c6 11. b4 b5 12. Rc1 Nb6 13. Ne5 Rc8 14. Qc2 h6 15. Bh4 Nc4 16. Nxc4 dxc4 17. Bf5 Qd7 18. Bxe6 Qxe6 19. Bxf6 Bxf6 20. Rcd1 Rfd8 21. h3 Ra8 22. a4 Be7 23. d5 cxd5 24. axb5 Bxb4 25. bxa6 Bxc3 26. Qxc3 Rxa6 27. Rd4 Rad6 28. Rfd1 R6d7 29. Rb1 Qf5 30. Rbd1 Rd6 31. Rf4 Qe6 32. Rfd4 Qe5 33. Qa5 Qe6 34. Qc3 1/2-1/2